000 00816nam a2200253Ia 4500
003 OSt
005 20221005113543.0
006 a|||||r|||| 00| 0
007 ta
008 221004b |||||||| |||| 00| 0 pan d
020 _a9789387629608 (hbk)
_cINR 350.00
024 _a44785
037 _b1046, 02/02/2019, H.K. Prakashan
_cTextual
040 _aCRL
_cCRL
_bpan
041 _2pan
_apan
082 _aP, 153Q8
100 _aਮਨਮੋਹਨ, ਂਚ.
245 0 _aਵਿਚਾਰਕੀ
260 _aਲੁਧਿਆਨਾ
_bਚੇਤਨਾ ਪ੍ਰਕਾFਨ ਭਾਰਤ
_c2018
300 _a252ਪ੍ਰ0
_ccm.
650 _aਪੰਜਾਬੀ ਭਾFਾ
942 _hP, 153Q8
_cTEXL
_2cc
999 _c1028567
_d1028567